000 00700nam a2200217 i 4500
001 bg
245 0 0 _aGdańsk - morze możliwości /
_c[Katarzyna Drozd et al. ; pod kier. Krzysztofa Szczepaniaka].
260 _aGdańsk :
_bUrząd Miejski,
_c2004.
300 _a146 s. :
_bil. ;
_c30 cm.
490 1 _aRaport o stanie miasta,
_x1642-7726 ;
_v2003
650 9 _aGospodarka terenowa
_zPolska
_yod 2001 r.
651 9 _aGdańsk
_yod 2001 r.
700 1 _aDROZD, Katarzyna
700 1 _aSZCZEPANIAK, Krzysztof
830 _aRaport o stanie miasta,
_x1642-7726 ;
040 _cBPK
041 0 _apol
080 _a332.1:352](438)"2001/..."
942 _cKS
008 s pl f |000 0 pol
999 _c46432
_d46432
856 _uhttp://koha.tu.koszalin.pl/cgi-bin/koha/opac-detail.pl?biblionumber=46432
_yKatalog online BPK